000 01489nam a2200373 a 4500
001 ebr10455032
003 CaPaEBR
006 m u
007 cr cn|||||||||
008 101001s2011 cau a sb 001 0 eng d
010 _z 2010041905
020 _z9780520267831 (hardcover : alk. paper)
020 _z9780520267848 (pbk. : alk. paper)
020 _z9780520949492 (e-book)
040 _aCaPaEBR
_cCaPaEBR
035 _a(OCoLC)798758904
043 _aa-ja---
050 1 4 _aBJ2007.J34
_bM36 2011eb
082 0 4 _a395.0952
_222
245 0 0 _aManners and mischief
_h[electronic resource] :
_bgender, power, and etiquette in Japan /
_cedited by Jan Bardsley and Laura Miller.
260 _aBerkeley, Calif. ;
_aLos Angeles, Calif. :
_bUniversity of California Press,
_c2011.
300 _axiv, 284 p. :
_bill.
504 _aIncludes bibliographical references and index.
533 _aElectronic reproduction.
_bPalo Alto, Calif. :
_cebrary,
_d2011.
_nAvailable via World Wide Web.
_nAccess may be limited to ebrary affiliated libraries.
650 0 _aEtiquette
_zJapan.
650 0 _aSex role
_zJapan.
650 0 _aPower (Social sciences)
_zJapan.
651 0 _aJapan
_xSocial life and customs.
655 7 _aElectronic books.
_2local
700 1 _aBardsley, Jan.
700 1 _aMiller, Laura,
_d1953-
710 2 _aebrary, Inc.
856 4 0 _uhttp://site.ebrary.com/lib/rucke/Doc?id=10455032
_zAn electronic book accessible through the World Wide Web; click to view
999 _c124335
_d124335